Mathematical Economics (Record no. 11224)
[ view plain ]
| 000 -LEADER | |
|---|---|
| fixed length control field | 00268cam a2200109ua 4500 |
| 082 ## - DEWEY DECIMAL CLASSIFICATION NUMBER | |
| Classification number | 330.1543 |
| Item number | ALL/MA |
| 100 ## - MAIN ENTRY--AUTHOR NAME | |
| Personal name | R.G.D. Allen, Allen . |
| 245 ## - TITLE STATEMENT | |
| Title | Mathematical Economics |
| 260 ## - PUBLICATION, DISTRIBUTION, ETC. (IMPRINT) | |
| Place of publication | : |
| Name of publisher | Macmillan & co. Ltd , |
| Year of publication | 1963. |
| 300 ## - PHYSICAL DESCRIPTION | |
| Number of Pages | 812 ; . |
| 942 ## - ADDED ENTRY ELEMENTS (KOHA) | |
| Koha item type | Books |
| Withdrawn status | Lost status | Damaged status | Home library | Current library | Date acquired | Full call number | Accession Number | Koha item type |
|---|---|---|---|---|---|---|---|---|
| Withdrawn | KAUAET | Sanskrit University | 07/04/2012 | 330.1543 | 5077 | Books |
